Teaching adults to read and write; (Record no. 85939)

MARC details
000 -LEADER
fixed length control field 01006cam a2200217 4500
001 - CONTROL NUMBER
control field sa 68014659
003 - CONTROL NUMBER IDENTIFIER
control field DLC
005 - DATE AND TIME OF LATEST TRANSACTION
control field 20260227112633.0
008 - FIXED-LENGTH DATA ELEMENTS--GENERAL INFORMATION
fixed length control field 700211s1967 ii a b f00010 eng
010 ## - LIBRARY OF CONGRESS CONTROL NUMBER
LC control number sa 68014659 //r85
025 ## - OVERSEAS ACQUISITION NUMBER
Overseas acquisition number PL480:I-E-9015
050 0# - LIBRARY OF CONGRESS CALL NUMBER
Classification number LC5225.R4
Item number A35
082 ## - DEWEY DECIMAL CLASSIFICATION NUMBER
Classification number 428.4/071/5
100 10 - MAIN ENTRY--PERSONAL NAME
Personal name Ahmed, Mushtaq,
Dates associated with a name 1919-
245 10 - TITLE STATEMENT
Title Teaching adults to read and write;
Remainder of title a guide book for literacy teacher,
Statement of responsibility, etc. by Mushtaq Ahmad.
260 0# - PUBLICATION, DISTRIBUTION, ETC.
Place of publication, distribution, etc. New Delhi,
Name of publisher, distributor, etc. Ministry of Education, Govt. of India
Date of publication, distribution, etc. [1967]
300 ## - PHYSICAL DESCRIPTION
Extent 112 p.
Other physical details illus.
Dimensions 22 cm.
350 ## - PRICE (NR) (BK AM CF MU VM SE) [OBSOLETE]
Price 2.00
-- ($0.72)
500 ## - GENERAL NOTE
General note Annexures.--Survey form.--List of selected books for display and reading during stage I.--Some posters and their suggested captions.--Examples of writing on the wall.--List of supplementary books for different stages.--List of periodicals.--List of equipment.--Admission form.--A selected bibliography of materials for literacy teaching and allied problems.
650 #0 - SUBJECT ADDED ENTRY--TOPICAL TERM
Topical term or geographic name entry element Reading (Adult education)

No items available.

Powered by Koha